The new common currency? (Record no. 84714)

MARC details
000 -LEADER
fixed length control field 00811cab a22001935a 4500
001 - CONTROL NUMBER
control field L158858
008 - FIXED-LENGTH DATA ELEMENTS--GENERAL INFORMATION
fixed length control field 150825e20150808xxk 000 0 eng d
035 ## - SYSTEM CONTROL NUMBER
System control number (Sirsi) u158858
041 0# - LANGUAGE CODE
Language code of text/sound track or separate title eng
100 1# - MAIN ENTRY--PERSONAL NAME
Personal name Bliss, Stella
245 04 - TITLE STATEMENT
Title The new common currency?
260 ## - PUBLICATION, DISTRIBUTION, ETC.
Date of publication, distribution, etc. 2015
490 ## - SERIES STATEMENT
Series statement Estates Gazette
Volume/sequential designation (1531) 8 August 2015, 51(1)
520 ## - SUMMARY, ETC.
Summary, etc. Reviews the recent steps in the global effort to assemble the international property measurement standard (IPMS). Mentions how building measurements vary by as much as 24% across different world markets. Also includes the latest developments with the standards and the attempts to embed the standards in the legal documentation used for property transactions.
590 ## - LOCAL NOTE (RLIN)
Local note KA
651 #4 - SUBJECT ADDED ENTRY--GEOGRAPHIC NAME
Geographic name International
690 ## - LOCAL SUBJECT ADDED ENTRY--TOPICAL TERM (OCLC, RLIN)
Topical term or geographic name as entry element Measurement
9 (RLIN) 6256
942 ## - ADDED ENTRY ELEMENTS (KOHA)
Suppress in OPAC 0
Holdings
Withdrawn status Lost status Source of classification or shelving scheme Damaged status Not for loan Home library Current library Shelving location Date acquired Total Checkouts Full call number Barcode Date last seen Copy number Price effective from Koha item type
    Dewey Decimal Classification     London London Journal article 25/08/2015   L158858 158858-1001 06/08/2019 1 06/08/2019 Journal article